[Event "World-ch Carlsen-Caruana"]
[Site "London"]
[Date "2018.11.13"]
[Round "4"]
[White "Carlsen, Magnus"]
[Black "Caruana, Fabiano"]
[Result "1/2-1/2"]
[WhiteElo "2835"]
[BlackElo "2832"]
[Annotator "Adams,Michael"]
[PlyCount "69"]
[EventDate "2018.11.09"]
[EventType "match"]
[EventRounds "12"]
[EventCountry "GBR"]
[SourceTitle "CBM 187"]
[Source "ChessBase"]
[SourceDate "2018.12.11"]
[SourceVersion "1"]
[SourceVersionDate "2018.12.11"]
[SourceQuality "1"]

{After the second game, Carlsen would have been very keen to avoid Caruana demonstrating how good his preparation is again, but despite a slightly unexpected first move, he had another frustrating day with the White pieces.} 1. c4 e5 (1... e6 {would be an option to try to steer the game back towards the QGD of game 2.}) 2. Nc3 Nf6 3. Nf3 Nc6 4. g3 d5 {Although we haven't seen an Open Sicilian when Caruana is White (yet), here we get one with reversed colours.} 5. cxd5 Nxd5 6. Bg2 Bc5 7. O-O O-O 8. d3 Re8 (8... Bb6 $5 {was played by Alexander Grischuk against Pavel Eljanov in the Geneva Grand Prix last year which brought this line to prominence. Since then many players have picked up the idea, including myself.}) 9. Bd2 ({Fabiano played the White side of this position against me!} 9. Ng5 $5 Nf6 10. Qb3 Qe7 11. Nd5 Nxd5 12. Bxd5 Nd8 {Now it's hard to intensify the pressure and Black is not doing badly.} 13. Qc4 Bd4 $1 {preventing the queen transferring to e4.} (13... Bb6 14. Qe4) 14. Bg2 h6 15. Nf3 Nc6 16. Be3 Bxe3 17. fxe3 e4 18. dxe4 {The Irish pawn centre as Tony Miles dubbed tripled pawns is often not as bad as it looks - here the position is roughly balanced.} a5 19. a3 Ra6 20. Rac1 Rb6 21. Rc2 Be6 22. Qc3 Rb3 23. Qd2 Rd8 24. Qc1 a4 25. Rc5 Rd7 26. h3 Qd8 27. g4 g6 28. Kh1 Kg7 29. e5 Bd5 30. Kg1 Be6 31. Kf2 Qe7 32. Kg1 Rd5 $6 ({After} 32... Qd8 {it's hard for either side to do anything, now things went wrong for me.}) 33. Rc4 Ra5 34. Rc2 Bd5 35. Nd4 Nxd4 36. exd4 Rg3 37. Rf3 Bxf3 38. exf3 c6 39. Kh2 Rxg2+ 40. Kxg2 Rd5 41. Rc4 c5 42. Rxc5 Rxd4 43. Qc3 Qd8 44. Rc8 Qb6 45. Re8 g5 46. Re7 Kg8 47. e6 fxe6 48. Qc2 Kf8 49. Rh7 Qc6 50. Qxc6 bxc6 51. Rxh6 Kf7 52. Kg3 Rd2 53. Rh7+ Kf6 54. Rb7 Ke5 55. h4 gxh4+ 56. Kxh4 Kf4 57. Rf7+ Ke3 58. Kg3 Rd1 59. g5 Rg1+ 60. Kh4 Rg2 61. Rf6 e5 62. g6 Rxb2 63. Kg5 Rg2+ 64. Kh6 Rh2+ 65. Kg7 c5 66. Kf7 c4 67. g7 Rh7 68. Ra6 {1-0 (68) Caruana,F (2799)-Adams,M (2715) London 2017}) 9... Nxc3 ({RR} 9... h6 10. Nxd5 Qxd5 11. Bc3 Qd6 12. Nd2 Bb6 13. Nc4 Qg6 14. Rc1 Qh5 15. Re1 Bh3 16. Bh1 Rad8 17. Nxb6 axb6 18. Qa4 Bd7 19. Qb3 Be6 20. Qc2 Bd5 21. Bxd5 Rxd5 22. b3 Qh3 23. e4 Rd6 24. Qe2 {Akkarakaran,J (2322)-Paravyan,D (2610) chess.com INT 2024 0-1 (69)}) 10. Bxc3 ({It looks more natural to capture towards the centre} 10. bxc3 {but then White's minor pieces are in each other's way after} h6 $5 (10... e4 $5 11. dxe4 Qe7 {could also be interesting.})) 10... Nd4 ({Not the only move, but it counters White's threat:} 10... a5 11. Nxe5 Nxe5 12. d4 $14) 11. b4 ({Magnus was already thinking a bit here, somewhat surprisingly given Caruana played this only five months ago, in almost his last game against the English!} 11. Rc1 Bb6 12. Re1 Bg4 13. Bxd4 exd4 14. a3 c6 15. Nd2 a5 {Black was comfortable here in the blitz game So - Caruana. Magnus chooses a more critical move, gaining some queenside space.}) 11... Bd6 ({This unnatural move was played quickly} 11... Bf8 {allows White the option of} 12. Nxe5 Rxe5 13. e3) (11... Bb6 12. a4 {is also not straightforward.}) 12. Rb1 $146 (12. Nxd4 $5 exd4 13. Bxd4 Bxg3 (13... Bxb4) 14. hxg3 Qxd4 {looks like it could be interesting, but with home analysis no doubt Black survives.}) (12. e3 $5) ({RR} 12. Nxd4 exd4 13. Bxd4 Bxg3 14. hxg3 Qxd4 15. Rc1 c6 16. Qd2 Be6 17. e3 Qf6 18. b5 cxb5 19. Bxb7 Rab8 20. Bg2 Red8 21. Rc6 Qe7 22. d4 Bc4 {½-½ (22) Solonar,S (2298)-Suvorov,A (2391) Heusenstamm 2021}) ({RR} 12. Nxd4 exd4 13. Bxd4 Bxg3 14. hxg3 Qxd4 15. Rc1 c6 16. Qd2 Be6 17. e3 Qf6 18. b5 cxb5 19. Bxb7 Rab8 20. Bg2 Red8 21. Rc6 Qe7 22. d4 Bc4 {½-½ (22) Solonar,S (2298)-Suvorov,A (2391) Heusenstamm 2021}) 12... Nxf3+ 13. Bxf3 a6 14. a4 c6 15. Re1 $5 (15. Qc2 $5) ({The critical move must be} 15. b5 $1 {Could} cxb5 $5 (15... axb5 16. axb5 Bd7 (16... Bh3 $2 17. bxc6 bxc6 18. Bxc6 $16) 17. bxc6 Bxc6 18. Bxc6 bxc6 19. Qc2 $14 {looks no fun at all for Black. Perhaps Magnus was concerned 15.b5 would still be within his opponent's homework.}) 16. axb5 a5 {be Black's idea?}) 15... Bd7 {Preventing the b5 break for now.} 16. e3 Qf6 (16... Qe7 $5 {was also possible.}) 17. Be4 Bf5 ({A forcing option} 17... Rad8 $5 {still looks sensible to me.}) 18. Qf3 {Magnus is also happy to swap material.} Bxe4 19. Qxf6 gxf6 20. dxe4 {Black's kingside structure is ugly but it won't be easy to get at it.} b5 {Fixing the pawn on b4 as a target for the black bishop.} 21. Red1 ({Another fast move.} 21. Rb2 $5 {was another option.}) 21... Bf8 22. axb5 axb5 (22... cxb5 {is met by} 23. Be1 Rec8 24. Rdc1 {preventing the black rook getting to c4.}) 23. Kg2 {White's king would like to get to f5 but that's not going to happen.} Red8 24. Rdc1 Kg7 25. Be1 Rdc8 26. Rc2 Ra4 {It's hard for White to improve as he is tied to the b4 pawn.} 27. Kf3 (27. g4 $5) 27... h5 {A good move taking some space on the kingside.} 28. Ke2 Kg6 29. h3 f5 {Getting rid of the doubled pawns and improving the Black king position.} 30. exf5+ Kxf5 31. f3 Be7 {The position is fairly dead and the players bring proceedings to a swift conclusion.} 32. e4+ Ke6 33. Bd2 (33. Rbc1 {can be met by} Kd7 {or} (33... Bxb4 {as in the next note.})) 33... Bd6 34. Rbc1 {Draw agreed as} Kd7 ({Even} 34... Bxb4 35. Bxb4 Rxb4 36. Rxc6+ Rxc6 37. Rxc6+ Ke7 38. Rh6 Rb2+ {is fine as there is no way to hide from the checks.}) 35. Rb1 {repeats} 1/2-1/2

[Event "Sinquefield Cup 3rd"]
[Site "Saint Louis"]
[Date "2015.08.28"]
[Round "6"]
[White "Aronian, Levon"]
[Black "Carlsen, Magnus"]
[Result "1/2-1/2"]
[WhiteElo "2765"]
[BlackElo "2853"]
[Annotator "ChessBase II"]
[PlyCount "64"]
[EventDate "2015.08.23"]
[EventType "tourn"]
[EventRounds "9"]
[EventCountry "USA"]
[EventCategory "22"]
[SourceTitle "CBM 168"]
[Source "ChessBase"]
[SourceDate "2015.09.14"]
[SourceVersion "1"]
[SourceVersionDate "2015.09.14"]
[SourceQuality "1"]

1. c4 e5 2. Nc3 Nf6 3. Nf3 Nc6 4. g3 d5 5. cxd5 Nxd5 6. Bg2 Nb6 7. O-O Be7 8. d3 O-O 9. a3 Re8 10. b4 Bf8 11. Nd2 ({RR} 11. Bg5 f6 12. Be3 a5 13. Bxb6 cxb6 14. b5 Nd4 15. e3 Nf5 16. Nd2 Rb8 17. Nc4 Be6 18. Na4 Nd6 19. Naxb6 Nxb5 20. Qa4 Nc3 21. Qc2 Nd5 22. Rfb1 Kh8 23. h4 Nxb6 24. Nxb6 Qd6 25. Rb5 Red8 {Carlsen,M (2864)-Hansen,E (2606) chess24.com INT 2022 1-0 (73)}) 11... Be6 12. Bb2 {A normal version of a reversed Dragon, though there are no games in the database with this exact position!} Qd7 13. Nce4 $146 ({RR} 13. Rc1 f6 14. Nb3 a5 15. b5 Nd4 16. Nxd4 exd4 17. Ne4 Bd5 18. Nc5 Qxb5 19. Bxd4 Bxg2 20. Kxg2 Rad8 21. e3 Nd7 22. a4 Qc6+ 23. Ne4 Qd5 24. Kg1 c5 25. Bb2 Ne5 26. Bxe5 Rxe5 27. Nc3 Qxd3 {Mikhalevski,V (2504)-Khachiyan,M (2530) Chess.com INT 2017 1-0 (66)}) ({RR} 13. Re1 f6 14. Nb3 Qf7 15. Nd2 Rab8 16. Na4 Nd5 17. Rc1 a5 18. bxa5 Nxa5 19. e4 Nb6 20. Nxb6 cxb6 21. f4 Bc5+ 22. Kh1 Nc6 23. fxe5 fxe5 24. Rf1 Qe7 25. Nc4 Qg5 26. Rc2 Rbd8 27. Bc1 Qe7 {Bastiao,T (1893)-Mannion,S (2135) Maia POR 2024 ½-½ (59)}) 13... Bh3 {Trading off the dragon bishop is very normal. Black wastes some time on this operation, but it is more than acceptable.} 14. Bxh3 (14. b5 Nd4 15. Bxh3 Qxh3 16. a4 {was not to Aronian's liking.}) 14... Qxh3 15. Qb3 Qd7 16. Nf3 a5 17. b5 Nd4 18. Nxd4 (18. Bxd4 exd4 {gives Black the ability to pressure a3 (after a4 from Black) and e2, which should give him enough counterplay.}) 18... exd4 19. a4 Qd5 {Carlsen mentioned he didn't know what else to do, this leads to a draw after many trades.} 20. Qxd5 Nxd5 21. Bxd4 f5 22. Nc3 Nxc3 23. Bxc3 Rxe2 {so far forced. White has to take care of the active rook.} 24. Rfe1 {no Rae8 because a5 is hanging} Rxe1+ 25. Rxe1 Bb4 {more trades} 26. Rc1 {forced} (26. Bxb4 axb4 {gives Black an obvious edge in an endgame.}) 26... c6 27. bxc6 bxc6 28. Bxb4 axb4 29. Rxc6 Rxa4 {the game is very obviously drawn.} 30. Rb6 Ra1+ 31. Kg2 Rd1 32. Rxb4 Rxd3 1/2-1/2

[Event "Grenke Chess Classic 6th"]
[Site "Karlsruhe/Baden Baden"]
[Date "2019.04.24"]
[Round "5"]
[White "Carlsen, Magnus"]
[Black "Naiditsch, Arkadij"]
[Result "1/2-1/2"]
[WhiteElo "2845"]
[BlackElo "2695"]
[PlyCount "119"]
[EventDate "2019.04.20"]
[EventType "tourn"]
[EventRounds "9"]
[EventCountry "GER"]
[EventCategory "19"]
[SourceTitle "CBM 190"]
[Source "ChessBase"]
[SourceDate "2019.06.30"]
[SourceVersion "1"]
[SourceVersionDate "2019.06.30"]
[SourceQuality "1"]

1. c4 e5 2. Nc3 Nf6 3. Nf3 Nc6 4. g3 Bb4 5. Nd5 a5 6. Bg2 O-O 7. O-O Re8 8. d3 Nxd5 ({RR} 8... h6 9. e4 Bc5 10. Be3 d6 11. h3 Nb4 12. a3 Nbxd5 13. cxd5 Bxe3 14. fxe3 Bd7 15. Rc1 c6 16. Nd2 Ra6 17. Kh2 b5 18. a4 cxd5 19. exd5 bxa4 20. Nc4 Bb5 21. Na3 Bd7 22. Nc4 e4 23. dxe4 {Erigaisi,A (2713)-Maghsoodloo,P (2732) chess.com INT 2023 0-1 (35)}) ({RR} 8... h6 9. Rb1 Bf8 10. a3 d6 11. b4 axb4 12. axb4 e4 13. dxe4 Nxe4 14. Be3 Bf5 15. Rc1 Qd7 16. Nd4 Nxd4 17. Qxd4 c5 18. bxc5 dxc5 19. Qb2 Qc6 20. Bf4 Bd6 21. Bxd6 Qxd6 22. Rfd1 Qc6 23. h3 {Ferreira,E (2076)-Keller,P (2308) chess.com INT 2025 ½-½ (46)}) 9. cxd5 Nd4 10. Nxd4 $146 ({RR} 10. Nd2 a4 11. e3 Nf5 12. Ne4 c6 13. a3 Bf8 14. Nc3 Qa5 15. b4 axb3 16. Qxb3 Qa6 17. a4 b5 18. Bb2 b4 19. Ne4 c5 20. d6 Rb8 21. Rfc1 Bxd6 22. Nxc5 Bxc5 23. Rxc5 d6 24. Rc7 Be6 {Duer,A (2395)-Kaspret,G Graz 1981 1-0 (35)}) ({RR} 10. Ne1 Bf8 11. e3 Nf5 12. Nc2 c6 13. e4 Nd4 14. Nxd4 exd4 15. dxc6 dxc6 16. f4 b5 17. e5 Qb6 18. Bd2 Ba6 19. Be1 Rac8 20. Bf2 c5 21. Re1 Bb7 22. Be4 Bxe4 23. Rxe4 Qg6 24. Qf3 f5 {Tawakol,K (2135)-Mohrholz,S (1966) Goch 2016 ½-½ (47)}) 10... exd4 11. e4 c6 12. Bf4 cxd5 13. a3 Bc5 14. b4 Bf8 15. exd5 d6 16. bxa5 Qxa5 17. Bd2 Qa6 18. Qf3 g6 19. Bb4 Bf5 20. Rad1 Re5 21. g4 Bd7 22. Qf4 h5 23. h3 hxg4 24. hxg4 Qb6 25. Bf3 Ba4 26. Rc1 Bg7 27. Kg2 Bb3 28. Rh1 Bxd5 29. Bxd5 Rxd5 30. Rh3 Qd8 31. Qf3 Rb5 32. Qg3 Qg5 33. Rc7 Rd8 34. Rh1 Qd5+ 35. Qf3 Qxf3+ 36. Kxf3 d5 37. Rhc1 Be5 38. Rc8 Rxc8 39. Rxc8+ Kg7 40. g5 f6 41. Re8 Rb6 42. Re7+ Kg8 43. Kg4 f5+ 44. Kf3 Bh2 45. Rd7 Rb5 46. Bd6 Bxd6 47. Rxd6 Rb3 48. Rxg6+ Kh7 49. Rh6+ Kg7 50. Kf4 Rxd3 51. a4 Rc3 52. Rd6 Rc5 53. Rd7+ Kg6 54. Rxb7 Rc6 55. a5 d3 56. Ke3 Rc5 57. f4 d2 58. Kxd2 Rxa5 59. Rd7 Kh5 60. Ke3 1/2-1/2

[Event "Baku FIDE GP"]
[Site "Baku"]
[Date "2008.04.29"]
[Round "8"]
[White "Carlsen, Magnus"]
[Black "Cheparinov, Ivan"]
[Result "1/2-1/2"]
[WhiteElo "2765"]
[BlackElo "2696"]
[PlyCount "101"]
[EventDate "2008.04.21"]
[EventType "tourn"]
[EventRounds "13"]
[EventCountry "AZE"]
[EventCategory "19"]
[SourceTitle "CBM 124"]
[Source "ChessBase"]
[SourceDate "2008.05.28"]
[SourceVersion "1"]
[SourceVersionDate "2008.05.28"]
[SourceQuality "1"]

1. c4 e5 2. Nc3 Nf6 3. Nf3 Nc6 4. g3 d5 5. cxd5 Nxd5 6. Bg2 Nb6 7. O-O Be7 8. a3 O-O 9. b4 Be6 10. d3 f6 11. Rb1 Nd4 12. Nd2 c6 13. e3 Nb5 14. Qc2 ({RR} 14. Nxb5 cxb5 15. Nb3 Qd7 16. Na5 Nd5 17. Bb2 Rac8 18. d4 b6 19. Nb3 Nc3 20. Bxc3 Rxc3 21. Rb2 a5 22. d5 Bg4 23. Qd2 axb4 24. axb4 Bxb4 25. Nd4 Rb3 26. Qc2 Rxb2 27. Qxb2 exd4 28. Qxb4 Be2 {Carlsen,M (2813)-Karjakin,S (2725) Nice 2010 0-1 (46)}) 14... Nxc3 15. Qxc3 Qd7 16. Nb3 Rad8 $146 ({RR} 16... Rfd8 17. Rd1 Rac8 18. Nc5 Bxc5 19. bxc5 Nd5 20. Qc2 b5 21. d4 Ne7 22. Bb2 exd4 23. Rxd4 Qc7 24. Rbd1 Rxd4 25. Rxd4 Rd8 26. Qd2 Rxd4 27. Bxd4 f5 28. Bb2 Qd7 29. Qc3 Nd5 30. Qe5 Nf6 31. Bd4 {Moor,R (2363)-Edouard,R (2680) Deizisau 2013 ½-½ (52)}) 17. Rd1 Bg4 18. Rd2 Kh8 19. Nc5 Qc8 20. Bb2 Nd5 21. Qc2 Nc7 22. Rc1 Ne6 23. h4 Nxc5 24. bxc5 Qe6 25. d4 exd4 26. Bxd4 Rd7 27. Qe4 Qxe4 28. Bxe4 Re8 29. Bg2 Bf8 30. Rb2 Kg8 31. Rcb1 Ree7 32. Rb4 h5 33. R1b2 Kf7 34. f3 Be6 35. Kf2 g6 36. Bf1 Bg7 37. Ra4 a6 38. Rab4 f5 39. Bxg7 Kxg7 40. e4 fxe4 41. Rxe4 Bf5 42. Rxe7+ Rxe7 43. Bc4 Kf6 44. Be2 Bc8 45. Rd2 Re5 46. Rc2 a5 47. Rc3 Rd5 48. Ke3 Re5+ 49. Kf2 Rd5 50. Ke3 Re5+ 51. Kf2 1/2-1/2

[Event "Gashimov Memorial 2nd"]
[Site "Shamkir"]
[Date "2015.04.25"]
[Round "8"]
[White "So, Wesley"]
[Black "Carlsen, Magnus"]
[Result "1/2-1/2"]
[WhiteElo "2788"]
[BlackElo "2863"]
[PlyCount "81"]
[EventDate "2015.04.17"]
[EventType "tourn"]
[EventRounds "9"]
[EventCountry "AZE"]
[EventCategory "21"]
[SourceTitle "CBM 166"]
[Source "ChessBase"]
[SourceDate "2015.05.11"]
[SourceVersion "1"]
[SourceVersionDate "2015.05.11"]
[SourceQuality "1"]

1. c4 {Borik,Otto} e5 2. Nc3 Nf6 3. Nf3 Nc6 4. g3 Bb4 5. Bg2 O-O 6. O-O Re8 7. Nd5 Nxd5 8. cxd5 Nd4 9. Nxd4 exd4 10. Qa4 $146 ({RR} 10. e4 c6 11. dxc6 bxc6 12. d3 a5 13. f4 Ba6 14. f5 Be7 15. e5 f6 16. Be4 Bf8 17. e6 d5 18. Bf3 g6 19. g4 g5 20. Rf2 Bd6 21. Qf1 Ra7 22. Qh3 Rg7 23. Be2 c5 24. b3 Be5 {Bielicki,C-Behrensen,J Balcarce 1961 1-0 (40)}) ({RR} 10. e3 c5 ({RR} 10... dxe3 11. dxe3 d6 12. Bd2) ({RR} 10... Bc5) 11. a3 Ba5 12. exd4 cxd4 13. d6 Qf6 ({RR} 13... Re6 14. b4 Bb6 15. d3 Rxd6 16. Bf4 Re6 17. Bd5) 14. d3 Qxd6 15. Bf4 Qa6 16. b4 Bd8 17. Re1 Rf8 18. Qh5 d6 19. Bd5 Bd7 20. a4 Rc8 21. Be4 g6 22. Qf3 Rc7 23. b5 Qb6 24. Bh6 a6 {Timman,J (2630)-Huebner,R (2620) Sarajevo 1991 Candidates [Borik,Otto] 1-0} ({RR} 24... Re8 25. Bd5 Be6 26. Bxe6 fxe6 27. Rxe6)) ({RR} 10. e4 dxe3 11. dxe3 d6 12. a3 Bc5 13. b4 Bb6 14. Bb2 Bf5 15. a4 a5 16. b5 Bc5 17. Rc1 Qd7 18. Rc4 f6 19. g4 Bg6 20. h4 h6 21. h5 Bh7 22. Kh2 Re7 23. Rg1 Qe8 24. Bf3 Be4 {Greet,A (2405)-Garcia Pantoja,R (2550) Budapest HUN 2024 ½-½ (48)}) ({RR} 10. b3 b6 11. Bb2 Bc5 12. e3 Ba6 13. Re1 Qf6 14. Qc2 dxe3 15. dxe3 Qg6 16. e4 c6 17. Qd2 Bb7 18. d6 Bxd6 19. e5 Bc5 20. b4 Bf8 21. Qxd7 Rab8 22. Be4 Qe6 23. Qxe6 fxe6 24. Bc3 c5 {Uhlmann,W-Portisch,L Skopje 1972 ½-½}) 10... a5 11. e3 b5 12. Qc2 Bb7 13. b3 Qg5 14. a3 Bf8 15. Bb2 Bxd5 16. e4 Bb7 17. Bxd4 c5 18. Be3 Qg6 19. d3 a4 20. Rab1 axb3 21. Rxb3 b4 22. axb4 cxb4 23. Bd2 Bc6 24. Rb2 Ba4 25. Qc4 Rec8 26. Qd4 Bc5 27. Qd5 b3 28. d4 Bb6 29. Be3 h6 30. e5 Bc6 31. Qxb3 Bxg2 32. Kxg2 Bxd4 33. Bxd4 Qe4+ 34. Qf3 Qxd4 35. Rb5 Qc3 36. Rd1 Qxf3+ 37. Kxf3 Rc7 38. Rbd5 Raa7 39. Kg4 Ra2 40. R1d2 Rxd2 41. Rxd2 1/2-1/2

[Event "Sinquefield Cup 5th"]
[Site "Saint Louis"]
[Date "2017.08.10"]
[Round "8"]
[White "Nepomniachtchi, Ian"]
[Black "Carlsen, Magnus"]
[Result "1/2-1/2"]
[WhiteElo "2742"]
[BlackElo "2822"]
[PlyCount "63"]
[EventDate "2017.08.02"]
[EventType "tourn"]
[EventRounds "9"]
[EventCountry "USA"]
[EventCategory "22"]
[SourceTitle "CBM 180"]
[Source "ChessBase"]
[SourceDate "2017.09.13"]
[SourceVersion "1"]
[SourceVersionDate "2017.09.13"]
[SourceQuality "1"]

1. c4 e5 2. Nc3 Nc6 3. Nf3 Nf6 4. g3 g6 5. d4 exd4 6. Nxd4 Bg7 7. Bg2 O-O 8. Bf4 ({RR} 8. Nc2 d6 9. O-O Re8 10. h3 a5 11. Ne3 Bd7 12. Bd2 Nd4 13. Ned5 Nxd5 14. cxd5 c5 15. dxc6 bxc6 16. Rc1 d5 17. Re1 h5 18. e4 Be6 19. b3 dxe4 20. Nxe4 Bd5 21. Bc3 Qb6 22. Qd2 Red8 {Rodshtein,M (2685)-McShane,L (2688) Netanya 2019 0-1 (31)}) ({RR} 8. Nc2 d6 9. O-O Be6 10. b3 Qd7 11. Re1 Bh3 12. Bf3 Rfe8 13. Bb2 Ne5 14. Bh1 Rad8 15. e4 h5 16. Ne3 c6 17. f3 a6 18. a4 Qc7 19. Bg2 Bxg2 20. Kxg2 Nfd7 21. Rb1 Nc5 22. Ba1 a5 {Sadhwani,R (2659)-Socko,B (2551) St. Pauli GER 2025 0-1 (50)}) 8... Nh5 $146 ({RR} 8... Re8 9. Nxc6 bxc6 10. Qd2 Ba6 11. b3 d5 12. O-O Qe7 13. Rac1 Rad8 14. cxd5 cxd5 15. Rfe1 c6 16. Na4 Ne4 17. Qa5 Bb5 18. Bxe4 dxe4 19. Nc3 Bd4 20. Nxb5 Bb6 21. Qa3 cxb5 22. Qxe7 Rxe7 23. Bg5 {Mareco,S (2574)-Bacrot,E (2720) Tromsoe 2014 ½-½ (90)}) ({RR} 8... Nxd4 9. Qxd4 d6 10. Qd2 Be6 11. Bxb7 Rb8 12. Bg2 Bxc4 13. O-O Ba6 14. Rac1 Bb7 15. b3 Re8 16. Rfd1 Bxg2 17. Kxg2 Qc8 18. f3 Qa6 19. e4 Rb7 20. Bg5 Re6 21. Bxf6 Bxf6 22. Nd5 c6 23. Nxf6+ {Potkin,V (2597)-Thorfinnsson,B (2399) Reykjavik 2019 1-0 (37)}) 9. Nxc6 dxc6 10. Qxd8 Rxd8 11. Bxc7 Rd4 12. c5 Rc4 13. O-O Rxc5 14. Rfc1 Nf6 15. Bd6 Rh5 16. Rd1 Be6 17. Bf3 Ra5 18. Rd2 h6 19. Rad1 Ra6 20. e4 Bg4 21. Bxg4 Nxg4 22. Kg2 Ne5 23. b3 Nc4 24. bxc4 Bxc3 25. Rc2 Bg7 26. c5 Re8 27. e5 b5 28. cxb6 axb6 29. Rxc6 Rxa2 30. Re1 b5 31. Rb6 Rd2 32. Rxb5 1/2-1/2

[Event "Bergen Sommer op"]
[Site "Bergen"]
[Date "2002.07.21"]
[Round "2"]
[White "Carlsen, Magnus"]
[Black "Fyllingen, Roy Harald"]
[Result "0-1"]
[WhiteElo "2214"]
[BlackElo "2378"]
[PlyCount "92"]
[EventDate "2002.07.20"]
[EventType "swiss"]
[EventRounds "9"]
[EventCountry "NOR"]
[SourceTitle "CBM 089 Extra"]
[Source "ChessBase"]
[SourceDate "2002.09.10"]
[SourceVersion "2"]
[SourceVersionDate "2002.09.10"]
[SourceQuality "1"]

1. c4 e5 2. Nc3 Nc6 3. Nf3 Nf6 4. g3 Bb4 5. Bg2 O-O 6. O-O Re8 7. Nd5 Bf8 8. d3 Nxd5 9. cxd5 Nb4 10. Qb3 ({RR} 10. e4 c6 11. d4 cxd5 12. exd5 d6 13. Qb3 Na6 14. Be3 e4 15. Ng5 f5 16. f3 exf3 17. Bxf3 Nc7 18. Rae1 Bd7 19. Bf4 Qf6 20. Ne6 Nb5 21. Bg2 Kh8 22. Bg5 Qg6 23. Nxf8 Rxf8 24. Be7 Rfe8 {Klepek,W (2221)-Savitha,S (2341) Warsaw POL 2025 ½-½ (51)}) 10... a5 11. Bg5 $146 ({RR} 11. a3 Na6 12. Bg5 Be7 13. Be3 d6 14. Rac1 b6 15. d4 exd4 16. Nxd4 Bd7 17. Qc2 a4 18. Be4 g6 19. Ne6 fxe6 20. Bxg6 Bf6 21. Bxh7+ Kh8 22. Rfd1 Qe7 23. Bg6 Rg8 24. Be4 Nc5 25. dxe6 Nxe4 {Sisniega,M (2455)-Garcia,G (2365) Buenos Aires 1978 ½-½ (44)}) ({RR} 11. a3 Na6 12. Bg5 Be7 13. Be3 d6 14. Rac1 f5 15. Nxe5 dxe5 16. d6+ Kh8 17. dxe7 Qxe7 18. Qb5 c6 19. Qxa5 Be6 20. Qxe5 Qd7 21. Qd4 Qf7 22. Qb6 Bd5 23. Bxd5 Qxd5 24. Qxb7 Reb8 25. Qxc6 Qxc6 {Wieczorek,O (2477)-Gholami,A (2493) Chess.com INT 2018 1-0 (52)}) 11... f6 12. Bd2 Kh8 13. Nh4 c6 14. Bxb4 axb4 15. Be4 g6 16. dxc6 dxc6 17. Qf7 f5 18. Bg2 Qe7 19. Qxe7 Bxe7 20. Nf3 Bf6 21. e4 Be6 22. a3 Ra4 23. Rfe1 bxa3 24. bxa3 fxe4 25. dxe4 Rea8 26. Rab1 Bc8 27. Nd2 b5 28. Rbc1 Bd7 29. Rcd1 R8a7 30. Nb1 Be7 31. f4 Bc5+ 32. Kh1 Bd4 33. Rd3 Be6 34. fxe5 Bxe5 35. Rc1 Rc4 36. Rcd1 Bg4 37. Re1 Rc2 38. Rd8+ Kg7 39. Re8 Bd6 40. e5 Be7 41. h3 Be6 42. Rd1 Rc7 43. Rb8 Bc5 44. Re8 Rd7 45. Rf1 Bc4 46. Re1 Rf7 0-1